| 000 | 00621nam a2200205Ia 4500 | ||
|---|---|---|---|
| 008 | 101110s9999 xx 000 0 und d | ||
| 041 | _aENGLISH | ||
| 082 | _bSR23811 | ||
| 100 | _aChopde L. N., Choudhari D. H., Herwadkar M. K. | ||
| 245 | _aIntroduction to Management Accounting ( T.Y.B.Com) | ||
| 365 | _b150 | ||
| 520 | _aCommerce | ||
| 520 | _aLost and cost paid Bill No.837,dt.27/09/03 | ||
| 546 | _aENGLISH | ||
| 630 | _aIntroduction to Management Accounting ( T.Y.B.Com) | ||
| 650 | _aCommerce | ||
| 655 | _aCommerce | ||
| 730 | _aIntroduction to Management Accounting ( T.Y.B.Com) | ||
| 942 | _cBOOK | ||
| 999 |
_c816503 _d816500 |
||